000 00425nam a22001697a 4500
005 20160428105320.0
008 160428b xxu||||| |||| 00| 0 eng d
020 _a81-7808348-5
041 _aeng
082 _b00541
100 _aNemeth, EVI
_9157
245 _aUnix System Administration Handbook
260 _aNew Delhi
_bPearson Education,
_c2003
300 _a853
650 _aInformation Technology
_9137
942 _cBK
999 _c156
_d156